• 首页
  • 本馆介绍
  • 公告通知
  • 最新文献
  • 馆藏检索
  • 电子资源
  • 读者导购
  • 参考咨询
  • 我的图书馆
  • 登录
  • 详细信息显示
  • 放入我的书架
  • 预约/预借图书
  • 作者相关作品
  • 分类相关作品
  • 丛书相关作品
  • 出版社相关作品

书目信息

  • 表格格式
  • 工作单格式
  • 卡片格式
题名:
双渠道供应链决策与契约协调研究
    
 
作者: 王虹 著
分册:  
出版信息: 北京   经济管理出版社  2014
页数: 190页
开本: 24cm
丛书名: 哲学社会科学明毅文库
单 册:
中图分类: F713.1
科图分类:
主题词: 购销渠道--gou xiao qu dao--供应链管理--研究
电子资源:
ISBN: 978-7-5096-3470-7
000 01199nam0 22002771 450
001 0116132743
005 20161219101353.90
010    @a978-7-5096-3470-7@dCNY39.00
100    @a20150326d2014 kemy0chiy50 ea
101 0  @achi
102    @aCN@b110000
105    @ay v 000yy
106    @ar
200 1  @a双渠道供应链决策与契约协调研究@9shuang qu dao gong ying lian jue ce yu qi yue xie tiao yan jiu@dResearch on decisions and coordination with contracts in dual-channel supply chain@f王虹著@zeng
210    @a北京@c经济管理出版社@d2014
215    @a190页@d24cm
225 2  @a哲学社会科学明毅文库@9zhe xue she hui ke xue ming yi wen ku@i工商管理文丛
330    @a本书以网络销售渠道和传统零售渠道组成的双渠道供应链为研究对象,对双渠道供应链上不同企业的各类决策进行建模分析,同时研究实现供应链协调的契约机制。
461  0 @12001 @a哲学社会科学明毅文库
462  0 @12001 @a工商管理文丛
510 1  @aResearch on decisions and coordination with contracts in dual-channel supply chain@zeng
606 0  @a购销渠道@9gou xiao qu dao@x供应链管理@x研究
690    @aF713.1@v5
701  0 @a王虹@9wang hong@c(经济管理)@4著
801  0 @aCN@bTANGWEI@c20160820
905    @b0952754-8@dF713.1@e872@f5
    
    双渠道供应链决策与契约协调研究=Research on decisions and coordination with contracts in dual-channel supply chain/王虹著.-北京:经济管理出版社,2014
    190页;24cm.-(哲学社会科学明毅文库.工商管理文丛)
    
    
    ISBN 978-7-5096-3470-7:CNY39.00
    本书以网络销售渠道和传统零售渠道组成的双渠道供应链为研究对象,对双渠道供应链上不同企业的各类决策进行建模分析,同时研究实现供应链协调的契约机制。
●
相关链接 在E读中查询图书 在五车中查询图书 在当当中查询图书 在豆瓣中查询图书


正题名:双渠道供应链决策与契约协调研究     索取号:F713.1/872         预约/预借

序号 登录号 条形码 馆藏地/架位号 状态 备注
1 0952754   209527546   第一样本阅览室/ [索取号:F713.1/872] 在馆    
2 0952755   209527555   第一借阅区/ [索取号:F713.1/872] 在馆    
3 0952756   209527564   第一借阅区/ [索取号:F713.1/872] 在馆    
4 0952757   209527573   第一借阅区/ [索取号:F713.1/872] 在馆    
5 0952758   209527582   第一借阅区/ [索取号:F713.1/872] 在馆    
唐山师范学院图书馆 欢迎您!
大连网信软件有限公司© 版权所有